00854 a2200205 4500003000500000005001700005040000900022082001200031100004300043245012400086260003200210300001900242505020000261538002900461650001400490651001200504942000800516999001900524952010500543Nust20170207153219.0 cNust a621.382 aAkhtar, Maj Muhammad Rizwan (MSEE-13) aCooperative spectrum sensing methodology for cognitive radios through scheduling/ taskingcMaj Muhammad Rizwan Akhtar  bMCS, NUSTc2009aRawalpindi axiii, 128, p.; aIntroduction (page-1) The cognitive radio (page-14) Proposed methodology for cooperative spectrum sensing (page-65) Simulation details and results (page-84) Conclusion and future work (page-107). aAlmirah No 69 Shelf No 2 aMS Thesis aMSEE-13 cTHS c181721d181721 00102ddc40708NFICaMCSbMCSd2016-12-12l0o621.382 AKHpMCSTEE-63r2016-12-08w2016-12-12yBK